logo

Bir Sreshtho Munshi Abdur Rouf Library
Jhenaidah Cadet College

The conspiracy against Hitler in the twilight war / (Record no. 6225)

MARC details
000 -LEADER
fixed length control field 00777nam a2200265 4500
001 - CONTROL NUMBER
JCCL Control Number 6225
003 - CONTROL NUMBER IDENTIFIER
JCCL marc code BD-JhCC
005 - DATE AND TIME OF LATEST TRANSACTION
control field 20180117112648.0
008 - FIXED-LENGTH DATA ELEMENTS--GENERAL INFORMATION
fixed length control field 680301s1968 mnu b 000 0 eng
035 ## - SYSTEM CONTROL NUMBER
system control number (BD-JhCC)6225
040 ## - CATALOGING SOURCE
Original cataloging agency DLC
Transcribing agency DLC
Modifying agency DLC
-- (BD-JhCC)
041 ## - LANGUAGE CODE
Language code of Book eng
050 00 - LIBRARY OF CONGRESS CALL NUMBER
Classification number DD256.3
Item number .D43 1968
082 00 - DEWEY DECIMAL CLASSIFICATION NUMBER
Classification number 364.13/1
Author mark and Year DEU 1968
100 1# - MAIN ENTRY--PERSONAL NAME
Personal name Deutsch, Harold Charles.
245 14 - TITLE STATEMENT
Title The conspiracy against Hitler in the twilight war /
Statement of responsibility, etc by Harold C. Deutsch.
260 ## - PUBLICATION, DISTRIBUTION, ETC. (IMPRINT)
Place of publication, distribution, etc Minneapolis :
Name of publisher, distributor, etc University of Minnesota Press,
Date of publication, distribution, etc 1968.
300 ## - PHYSICAL DESCRIPTION
Pagination x, 394 p.
Dimensions 24 cm.
504 ## - BIBLIOGRAPHY, ETC. NOTE
Bibliography, etc Bibliography: p. [363]-373.
600 10 - SUBJECT ADDED ENTRY--PERSONAL NAME
Personal name Hitler, Adolf,
Dates associated with a name 1889-1945.
600 00 - SUBJECT ADDED ENTRY--PERSONAL NAME
Personal name Pius
Titles and other words associated with a name Pope,
Dates associated with a name 1876-1958.
650 #0 - SUBJECT ADDED ENTRY--TOPICAL TERM
Topical term or geographic name as entry element Anti-Nazi movement.
942 ## - ADDED ENTRY ELEMENTS (KOHA)
Source of classification or shelving scheme Dewey Decimal Classification
Koha item type Books
Holdings
Source of classification or shelving scheme Damaged status Not for loan Home library Current library Shelving location Total Checkouts Full call number Barcode Date last seen Copy number Koha item type
Dewey Decimal Classification     JCC Rouf Library JCC Rouf Library General Stacks   364.13/1 DEU 1968 1083 01/17/2018 C - 1 Books

JCC Library | Contacts | JCC Home

Last Update on 23 September 2017
Copyright @ 2017-2020 JCC Rouf Library
Rouf Library, Jhenidah Cadet College (JCC), Bangladesh